[Event "Mumbai Mayors Cup 5th"]
[Site "Mumbai"]
[Date "2012.06.10"]
[Round "6"]
[White "Shiva, Ravi Pillai"]
[Black "Podolchenko, Evgeniy"]
[Result "0-1"]
[WhiteElo "1861"]
[BlackElo "2464"]
[PlyCount "54"]
[EventDate "2012.06.07"]
[EventType "swiss"]
[EventRounds "11"]
[EventCountry "IND"]
[SourceTitle "CBM 148 Extra"]
[Source "ChessBase"]
[SourceDate "2012.06.22"]
[SourceVersion "1"]
[SourceVersionDate "2012.06.22"]
[SourceQuality "1"]

1. d4 Nf6 2. c4 e6 3. Nc3 Bb4 4. e3 0-0 5. Nf3 c5 6. Bd3 d5 7. 0-0 Nc6 8. a3 Bxc3 9. bxc3 dxc4 10. Bxc4 Qc7 11. Bd3 e5 12. dxe5 Nxe5 13. Nxe5 Qxe5 14. Qc2 Bd7 15. a4 Rad8 16. Re1 Bc6 17. f3 Rfe8 18. e4 Nd5 19. Bd2 Nb6 20. a5 Nd7 21. f4 Qd6 22. Be3 Nf6 23. Rad1 Ng4 24. g3 c4 25. Bxc4 Nxe3 26. Bxf7+ Kxf7 27. Qa2+ Bd5 0-1